| 000 | 00480nam a2200169Ia 4500 | ||
|---|---|---|---|
| 999 |
_c27784 _d27784 |
||
| 003 | OSt | ||
| 005 | 20210108162331.0 | ||
| 008 | 190216s9999||||xx |||||||||||||| ||und|| | ||
| 040 | _coclc | ||
| 082 |
_a894.812301 _bPOT/I |
||
| 100 |
_aPottekkat, S K _92068 |
||
| 245 | 0 |
_aIndraneelam / _cS K Pottekkat |
|
| 260 |
_bPoorna Publications, _aKozhikode: _c1996. |
||
| 300 | _a88p | ||
| 650 | _aKathakal | ||
| 942 |
_cBK _2ddc _h894.812301 _iPOT/I _k894.812301 _mPOT/I |
||